LEADER 01994oam 2200529zu 450 001 9910376396403321 005 20210807002220.0 035 $a(CKB)3170000000003396 035 $a(SSID)ssj0001174472 035 $a(PQKBManifestationID)11620708 035 $a(PQKBTitleCode)TC0001174472 035 $a(PQKBWorkID)11107222 035 $a(PQKB)10489595 035 $a(WaSeSS)IndRDA00016109 035 $a(Association for Computing Machinery)10.1145/1288869 035 $a(EXLCZ)993170000000003396 100 $a20160829d2007 uy 101 0 $aeng 135 $aur||||||||||| 181 $ctxt 182 $cc 183 $acr 200 10$aMM&Sec '07 : proceedings of the Multimedia & Security Workshop 2007 : Dallas, Texas, USA, September 20-21, 2007 210 31$a[Place of publication not identified]$cACM$d2007 215 $a1 online resource (252 pages) 225 1 $aACM Conferences 300 $aBibliographic Level Mode of Issuance: Monograph 311 $a1-59593-857-5 410 0$aACM Conferences 517 1 $aMultimedia and Security '07 :$eproceedings of the Multimedia and Security Workshop 2007 : Dallas, Texas, United States of America, September 20-21, 2007 517 1 $aProceedings of the 9th Workshop on Multimedia & Security 517 1 $aMM&Sec '07 517 1 $aMultimedia and Security Workshop, Dallas, TX, USA - September 20 - 21, 2007 606 $aEngineering & Applied Sciences$2HILCC 606 $aComputer Science$2HILCC 615 7$aEngineering & Applied Sciences 615 7$aComputer Science 676 $a005.8 700 $aKundur$b Deepa$0971322 701 $aHempelmann$b Christian F$01235799 701 $aRaskin$b Victor$f1944-$0302413 712 02$aACM Special Interest Group on Multimedia 801 0$bPQKB 906 $aBOOK 912 $a9910376396403321 996 $aMM&Sec '07 : proceedings of the Multimedia & Security Workshop 2007 : Dallas, Texas, USA, September 20-21, 2007$92870084 997 $aUNINA LEADER 02746oas 2201033 a 450 001 9910763983903321 005 20251105213014.0 011 $a1538-8654 035 $a(DE-599)ZDB2053383-4 035 $a(DE-599)2053383-4 035 $a(OCoLC)44729738 035 $a(CONSER) 2007219285 035 $a(CKB)110990130691180 035 $a(EXLCZ)99110990130691180 100 $a20000807a20009999 sy a 101 0 $aeng 135 $aurunu|||||||| 181 $ctxt$2rdacontent 182 $cc$2rdamedia 183 $acr$2rdacarrier 200 10$aAdvances in skin & wound care 210 $aSpringhouse, PA $cSpringhouse Corp 300 $aRefereed/Peer-reviewed 300 $aPublished: Hagerstown, MD : Lippincott Williams & Wilkins, <2004->. 311 08$a1527-7941 517 1 $aAdvances in skin and wound care 517 3 $aSkin & wound care 531 0 $aAdv. skin wound care 606 $aWounds and injuries$xTreatment$vPeriodicals 606 $aWound healing$vPeriodicals 606 $aWounds and Injuries 606 $aPressure Ulcer 606 $aSkin Care 606 $aWound Healing 606 $aDermatology 606 $aLe?sions et blessures$xTraitement$vPe?riodiques 606 $aCicatrisation$vPe?riodiques 606 $aEscarres de de?cubitus 606 $aWound healing$2fast$3(OCoLC)fst01181480 606 $aWounds and injuries$xTreatment$2fast$3(OCoLC)fst01181511 608 $aPeriodical. 608 $aperiodicals.$2aat 608 $aPeriodicals.$2fast 608 $aPeriodicals.$2lcgft 608 $aPe?riodiques.$2rvmgf 615 0$aWounds and injuries$xTreatment 615 0$aWound healing 615 12$aWounds and Injuries. 615 22$aPressure Ulcer. 615 22$aSkin Care. 615 22$aWound Healing. 615 22$aDermatology. 615 6$aLe?sions et blessures$xTraitement 615 6$aCicatrisation 615 6$aEscarres de de?cubitus. 615 7$aWound healing. 615 7$aWounds and injuries$xTreatment. 676 $a616 801 0$bFQM 801 1$bFQM 801 2$bOCLCQ 801 2$bNSD 801 2$bOCLCQ 801 2$bDLC 801 2$bSBH 801 2$bOCLCQ 801 2$bSERSO 801 2$bOCLCQ 801 2$bOCLCF 801 2$bOCLCO 801 2$bOCLCQ 801 2$bBUF 801 2$bEZC 801 2$bOCLCO 801 2$bWYU 801 2$bOCLCO 801 2$bUKMGB 801 2$bOCLCA 801 2$bVT2 801 2$bOCLCQ 801 2$bOCLCL 801 2$bLVT 801 2$bUAB 801 2$bLIP 801 2$bOCLCQ 906 $aJOURNAL 912 $a9910763983903321 996 $aAdvances in skin & wound care$92380891 997 $aUNINA